| 000 | 00701nam a22002417a 4500 | ||
|---|---|---|---|
| 999 |
_c3773 _d3773 |
||
| 003 | AR-CdUCM | ||
| 008 | 190307b ||||| |||| 00| 0 spa d | ||
| 020 | _a84-02-07001-9 | ||
| 040 |
_aMUNICIPALIDAD PROVINCIAL DEL CUSCO _cBIBLIOTECA MUNICIPAL DEL CUSCO |
||
| 082 |
_a869.15 / _b F89 |
||
| 100 |
_aFuentes, Carlos _91310 |
||
| 245 | _aLa Muerte de Artemio Cruz / | ||
| 260 |
_aBarcelona : _bBruguera, _c1980. |
||
| 300 |
_a310 paginas ; _c17 cm. |
||
| 440 |
_aClub Bruguera _n13 _912187 |
||
| 500 | _aColecciones | ||
| 505 | _aNovela Mexicana | ||
| 650 |
_aNovela Mexicana _9860 |
||
| 650 |
_aHombres _9982 |
||
| 650 |
_aLa muerte de Artemio _912188 |
||
| 942 |
_2ddc _cLIBROS |
||
| 945 | _awnts | ||